00431nam a2200181 a 4500001001300000003000900013005001700022008004100039020002300080082001700103100001700120245001000137260003100147300000900178500003500187505001000222700001700232nice12345678IN_TiNIC20260116013821.0050524s1964 newa grp 000 0 eng  a0385664 c28000a297.4bSHA19 aShah, Idries aSufis aNew YorkbDoubleday c1964 a451p aincludes index and biblioraphy2 aIndex1 aShah, Idries